Dog... or Cat? - Statistics

General Stats
  • This quiz has been taken 1,245 times
    1,243 since last reset
  • The average score is 13 of 15
Answer Stats
Question Answer % Correct
Shih Tzu Dog
97%
Pembroke Welsh Corgi Dog
97%
Dachshund Dog
97%
Pointer Dog
92%
Maine Coon Cat
91%
Alaskan Malamute Dog
90%
Ragdoll Cat
88%
Chartreux Cat
86%
Russian Blue Cat
84%
Bichon Frise Dog
84%
Akita Dog
79%
Nebelung Cat
73%
Toyger Cat
71%
Birman Cat
70%
Basenji Dog
64%
No matching quizzes found
Score Distribution
Percent of People with Each Score
Percentile by Number Answered
Your Score History
You have not taken this quiz since the last reset